[Event "Schweinfurt op 26th"]
[Site "Schweinfurt"]
[Date "2016.05.28"]
[Round "4"]
[White "Millgramm, Stephan"]
[Black "Wiemann, Daniel"]
[Result "0-1"]
[WhiteElo "1774"]
[BlackElo "1533"]
[PlyCount "78"]
[EventDate "2016.05.26"]
[EventType "swiss"]
[EventRounds "7"]
[EventCountry "GER"]
[SourceTitle "CBM 172 Extra"]
[Source "ChessBase"]
[SourceDate "2016.06.21"]
[SourceVersion "1"]
[SourceVersionDate "2016.06.21"]
[SourceQuality "1"]

1. e4 e6 2. d4 d5 3. exd5 exd5 4. Bd3 Nc6 5. c3 Bd6 6. Nf3 Bg4 7. h3 Bh5 8. 0-0 Nge7 9. Bg5 f6 10. Bh4 Qd7 11. b4 0-0 12. Bg3 Bxg3 13. fxg3 Rfe8 14. Qc2 Bg6 15. Nh4 Bxd3 16. Qxd3 a5 17. b5 Na7 18. a4 c6 19. Na3 cxb5 20. axb5 b6 21. Nf5 Nac8 22. Rae1 Nd6 23. Nxd6 Qxd6 24. Nc2 Rac8 25. Re3 Rc4 26. Rfe1 h6 27. Re6 Qc7 28. R1e3 Kf8 29. Ne1 Qa7 30. Nf3 a4 31. Nh4 Rcc8 32. Qh7 Kf7 33. Nf5 Nxf5 34. Qxf5 Qb7 35. g4 a3 36. h4 a2 37. Re1 Qa8 38. h5 a1Q 39. Qg6+ Kg8 0-1

[Event "Schweinfurt op 26th"]
[Site "Schweinfurt"]
[Date "2016.05.26"]
[Round "2"]
[White "Beyersdorf, Gunter"]
[Black "Wiemann, Daniel"]
[Result "1-0"]
[WhiteElo "1797"]
[BlackElo "1533"]
[PlyCount "125"]
[EventDate "2016.05.26"]
[EventType "swiss"]
[EventRounds "7"]
[EventCountry "GER"]
[SourceTitle "CBM 172 Extra"]
[Source "ChessBase"]
[SourceDate "2016.06.21"]
[SourceVersion "1"]
[SourceVersionDate "2016.06.21"]
[SourceQuality "1"]

1. d4 d5 2. c4 c6 3. Nc3 Nf6 4. Bf4 Bf5 5. e3 g6 6. Nf3 Bg7 7. Ne5 Nbd7 8. Qb3 Qb6 9. h3 Qxb3 10. axb3 0-0 11. g4 Be6 12. f3 Nxe5 13. Bxe5 Nd7 14. Bg3 Nb6 15. c5 Nd7 16. b4 a6 17. Kd2 f6 18. Be2 Bf7 19. Ra3 e5 20. Raa1 Rae8 21. Rhf1 Be6 22. f4 exd4 23. exd4 f5 24. Kd3 Nf6 25. g5 Ne4 26. Nxe4 fxe4+ 27. Ke3 Bxh3 28. Rf2 Bf5 29. Rg1 Rf7 30. Rh1 Ra8 31. Rfh2 Bh8 32. Rh4 a5 33. Ra1 a4 34. Bd1 b5 35. cxb6 Rb7 36. Rxa4 Rxa4 37. Bxa4 Rxb6 38. Be1 Bg7 39. Rh2 Bf8 40. Rc2 Bd7 41. b5 cxb5 42. Bb3 Be6 43. Rc7 Bd6 44. Ra7 Bf7 45. Ba5 Rb8 46. Rd7 Bf8 47. Bxd5 Bxd5 48. Rxd5 Rb7 49. Kxe4 Kg7 50. Re5 h6 51. gxh6+ Kxh6 52. Re6 Kh5 53. Rb6 Rxb6 54. Bxb6 g5 55. fxg5 Kxg5 56. Bc5 Bg7 57. Be7+ Kg6 58. Kd5 Kf7 59. Bd6 Ke8 60. Be5 Bxe5 61. dxe5 Kd7 62. b4 Ke7 63. Kc6 1-0

[Event "Rhein Main op-B 18th"]
[Site "Bad Homburg"]
[Date "2015.06.06"]
[Round "6"]
[White "Schmitz, Tim"]
[Black "Wiemann, Daniel"]
[Result "1-0"]
[WhiteElo "1835"]
[BlackElo "1419"]
[PlyCount "69"]
[EventDate "2015.06.03"]
[EventType "swiss"]
[EventRounds "7"]
[EventCountry "GER"]
[SourceTitle "CBM 167 Extra"]
[Source "ChessBase"]
[SourceDate "2015.09.14"]
[SourceVersion "1"]
[SourceVersionDate "2015.09.14"]
[SourceQuality "1"]

1. e4 e6 2. d4 d5 3. Nc3 dxe4 4. Nxe4 Bd7 5. Nf3 Bc6 6. Bd3 Nd7 7. 0-0 Ngf6 8. Qe2 Nxe4 9. Bxe4 Bxe4 10. Qxe4 c6 11. Re1 Nf6 12. Qe2 Nd5 13. c4 Ne7 14. Bg5 Qb6 15. Rad1 h6 16. Bxe7 Bxe7 17. d5 c5 18. dxe6 fxe6 19. Ne5 Rg8 20. Qh5+ g6 21. Nxg6 Rg7 22. Ne5+ Kf8 23. Nd7+ Kg8 24. Nxb6 axb6 25. a3 Rf8 26. Rd7 Bf6 27. Rxg7+ Kxg7 28. Qg4+ Kh7 29. Qxe6 Bxb2 30. Qe7+ Kg8 31. Re6 Bg7 32. Rg6 Rf7 33. Qe6 Kf8 34. Qc8+ Ke7 35. Re6# 1-0

[Event "Rhein Main op-B 18th"]
[Site "Bad Homburg"]
[Date "2015.06.05"]
[Round "4"]
[White "Lessmann, Sven"]
[Black "Wiemann, Daniel"]
[Result "0-1"]
[WhiteElo "1659"]
[BlackElo "1419"]
[PlyCount "32"]
[EventDate "2015.06.03"]
[EventType "swiss"]
[EventRounds "7"]
[EventCountry "GER"]
[SourceTitle "CBM 167 Extra"]
[Source "ChessBase"]
[SourceDate "2015.09.14"]
[SourceVersion "1"]
[SourceVersionDate "2015.09.14"]
[SourceQuality "1"]

1. d4 Nc6 2. c4 e5 3. d5 Nce7 4. e4 d6 5. Nc3 Ng6 6. g3 Nf6 7. Nf3 Bg4 8. Bg2 Be7 9. 0-0 0-0 10. Qb3 b6 11. Be3 h6 12. Rac1 Qd7 13. Qa3 a5 14. Nd2 Bh3 15. Nb5 Nh4 16. gxh4 Qg4 0-1

[Event "Rhein Main op-B 18th"]
[Site "Bad Homburg"]
[Date "2015.06.04"]
[Round "3"]
[White "Wiemann, Daniel"]
[Black "Thaler, Regina"]
[Result "1-0"]
[WhiteElo "1419"]
[BlackElo "985"]
[PlyCount "57"]
[EventDate "2015.06.03"]
[EventType "swiss"]
[EventRounds "7"]
[EventCountry "GER"]
[SourceTitle "CBM 167 Extra"]
[Source "ChessBase"]
[SourceDate "2015.09.14"]
[SourceVersion "1"]
[SourceVersionDate "2015.09.14"]
[SourceQuality "1"]

1. e4 e5 2. Nf3 Nf6 3. d3 Nc6 4. g3 d5 5. exd5 Nxd5 6. Bg2 Be7 7. 0-0 Bg4 8. Be3 Qd6 9. Qd2 Ncb4 10. a3 Nxe3 11. fxe3 Nc6 12. Nc3 a6 13. Ne4 Qg6 14. Qf2 0-0-0 15. b4 Bd7 16. Rfb1 Na7 17. Nxe5 Qf5 18. Qxf5 Bxf5 19. Nxf7 Bxe4 20. Bxe4 Bf6 21. Nxh8 Bxa1 22. Rxa1 Rxh8 23. a4 g6 24. b5 a5 25. c4 Re8 26. Rf1 h5 27. Rf6 Kd7 28. Rxg6 b6 29. Rg5 1-0

[Event "Rhein Main op-B 18th"]
[Site "Bad Homburg"]
[Date "2015.06.03"]
[Round "1"]
[White "Wiemann, Daniel"]
[Black "Bajorski, Leszek"]
[Result "0-1"]
[WhiteElo "1419"]
[BlackElo "1805"]
[PlyCount "72"]
[EventDate "2015.06.03"]
[EventType "swiss"]
[EventRounds "7"]
[EventCountry "GER"]
[SourceTitle "CBM 167 Extra"]
[Source "ChessBase"]
[SourceDate "2015.09.14"]
[SourceVersion "1"]
[SourceVersionDate "2015.09.14"]
[SourceQuality "1"]

1. e4 c5 2. b3 b6 3. Bb2 Bb7 4. Nc3 e6 5. Nf3 d6 6. Bb5+ Nd7 7. Bxd7+ Qxd7 8. d4 cxd4 9. Qxd4 Nf6 10. 0-0-0 Be7 11. Kb1 Rc8 12. h3 Qc7 13. Rd2 a6 14. Re1 0-0 15. Qe3 Nd7 16. g4 Bf6 17. Ne2 Bxb2 18. Kxb2 b5 19. g5 b4 20. Kb1 Nc5 21. Ng3 a5 22. Qd4 Rfd8 23. Nh4 e5 24. Qe3 Ne6 25. Ngf5 g6 26. Nh6+ Kg7 27. Nf3 Nf4 28. Rh1 Ba6 29. Ne1 Qb7 30. Rg1 Rc3 31. Nd3 Rdc8 32. h4 Qc7 33. Rc1 Bxd3 34. Rxd3 Nxd3 35. cxd3 Rxc1+ 36. Kb2 Qc3# 0-1

[Event "GER-ch U25 op-B"]
[Site "Willingen"]
[Date "2015.05.29"]
[Round "8"]
[White "Wiemann, Daniel"]
[Black "Reuker, Ronja"]
[Result "1-0"]
[WhiteElo "1346"]
[BlackElo "1102"]
[PlyCount "120"]
[EventDate "2015.05.24"]
[EventType "swiss"]
[EventRounds "9"]
[EventCountry "GER"]
[SourceTitle "CBM 166 Extra"]
[Source "ChessBase"]
[SourceDate "2015.06.18"]
[SourceVersion "1"]
[SourceVersionDate "2015.06.18"]
[SourceQuality "1"]

1. d4 f5 2. Bg5 h6 3. Bf4 Nf6 4. e3 e6 5. Bd3 Nc6 6. a3 d5 7. Ne2 Bd6 8. Bg3 Qe7 9. Nd2 Bd7 10. c4 dxc4 11. Nxc4 e5 12. dxe5 Nxe5 13. Nxe5 Bxe5 14. Qc2 Qe6 15. Bxe5 Qxe5 16. 0-0-0 0-0-0 17. Kb1 Kb8 18. Rc1 g6 19. g3 Bc6 20. Nf4 Rhg8 21. Rhd1 Qa5 22. Qc3 Qxc3 23. bxc3 Ng4 24. Bc4 Nxf2 25. Rf1 Be4+ 26. Ka1 Nd3 27. Bxg8 Nxc1 28. Bc4 g5 29. Ne6 Bd3 30. Rxc1 Rd6 31. Bxd3 Rxd3 32. Ng7 Rd5 33. Rf1 Rd3 34. Nxf5 Rxc3 35. Kb2 Rc6 36. Nxh6 a6 37. Nf7 Re6 38. Re1 Rf6 39. Nxg5 Rf2+ 40. Ka1 Rxh2 41. e4 Kc8 42. e5 Kd7 43. Rd1+ Ke7 44. e6 Kf6 45. Nf3 Re2 46. Re1 Rxe1+ 47. Nxe1 Kxe6 48. Kb2 Kf5 49. Nd3 Kg4 50. Nc5 Kxg3 51. Nxb7 Kf4 52. Nc5 Ke5 53. Nxa6 Kd6 54. Kb3 Kc6 55. Kb4 Kb6 56. Nc5 c6 57. a4 Kc7 58. Ka5 Kd6 59. Kb6 Ke7 60. a5 Kd8 1-0

[Event "GER-ch U25 op-B"]
[Site "Willingen"]
[Date "2015.05.27"]
[Round "6"]
[White "Wiemann, Daniel"]
[Black "Grunert, Wilhelm"]
[Result "1-0"]
[WhiteElo "1346"]
[BlackElo "1196"]
[PlyCount "47"]
[EventDate "2015.05.24"]
[EventType "swiss"]
[EventRounds "9"]
[EventCountry "GER"]
[SourceTitle "CBM 166 Extra"]
[Source "ChessBase"]
[SourceDate "2015.06.18"]
[SourceVersion "1"]
[SourceVersionDate "2015.06.18"]
[SourceQuality "1"]

1. e4 d5 2. exd5 Qxd5 3. Nc3 Qa5 4. d4 Nf6 5. Bc4 Bf5 6. Bd2 c6 7. Qf3 e6 8. d5 cxd5 9. Nxd5 Qd8 10. Nxf6+ gxf6 11. Qxb7 Bxc2 12. Bb5+ Nd7 13. Bxd7+ Qxd7 14. Qxa8+ Ke7 15. Bb4+ Qd6 16. Qxa7+ Ke8 17. Bxd6 Bxd6 18. Qa8+ Ke7 19. Qxh8 Bb4+ 20. Kf1 Bd3+ 21. Ne2 Ba5 22. Qa8 Bb4 23. Rd1 Bf5 24. Qd8# 1-0

[Event "GER-ch U25 op-B"]
[Site "Willingen"]
[Date "2015.05.25"]
[Round "3"]
[White "Frohnhaeuser, Simon"]
[Black "Wiemann, Daniel"]
[Result "1-0"]
[WhiteElo "1548"]
[BlackElo "1346"]
[PlyCount "67"]
[EventDate "2015.05.24"]
[EventType "swiss"]
[EventRounds "9"]
[EventCountry "GER"]
[SourceTitle "CBM 166 Extra"]
[Source "ChessBase"]
[SourceDate "2015.06.18"]
[SourceVersion "1"]
[SourceVersionDate "2015.06.18"]
[SourceQuality "1"]

1. e4 e6 2. d3 d5 3. Nd2 Bd7 4. Ngf3 Bc6 5. Qe2 Nd7 6. g3 dxe4 7. Nxe4 Ngf6 8. Bg2 Be7 9. 0-0 Nxe4 10. dxe4 Nf6 11. Rd1 Qc8 12. Nd4 0-0 13. Nxc6 bxc6 14. e5 Nd5 15. c4 Nb4 16. a3 Na6 17. Bxc6 Rb8 18. Be3 Bc5 19. b4 Rb6 20. b5 Bxe3 21. Qxe3 Nb8 22. c5 Nxc6 23. cxb6 Nxe5 24. Qxe5 cxb6 25. Rac1 Qa8 26. Qc7 h6 27. Qc6 a6 28. Qxb6 axb5 29. Qxb5 Qxa3 30. Qc5 Qf3 31. Rd7 Qf6 32. Qxf8+ Kxf8 33. Rc8+ Qd8 34. Rcxd8# 1-0

[Event "GER-ch U25 op-B"]
[Site "Willingen"]
[Date "2015.05.24"]
[Round "2"]
[White "Wiemann, Daniel"]
[Black "Arnold, Leander"]
[Result "1/2-1/2"]
[WhiteElo "1346"]
[BlackElo "1582"]
[PlyCount "61"]
[EventDate "2015.05.24"]
[EventType "swiss"]
[EventRounds "9"]
[EventCountry "GER"]
[SourceTitle "CBM 166 Extra"]
[Source "ChessBase"]
[SourceDate "2015.06.18"]
[SourceVersion "1"]
[SourceVersionDate "2015.06.18"]
[SourceQuality "1"]

1. e4 e6 2. d4 d5 3. e5 c5 4. dxc5 Bxc5 5. Bd3 Ne7 6. Nf3 h6 7. 0-0 Ng6 8. Re1 0-0 9. Be3 Bxe3 10. Rxe3 Nc6 11. Bb5 Nce7 12. Nd4 a6 13. Bd3 Bd7 14. Nd2 Bc6 15. g3 Qb6 16. Nxc6 Qxc6 17. c3 Qc7 18. Nf3 Rad8 19. Bc2 Qb6 20. Rb1 Rc8 21. Qd4 Qxd4 22. Nxd4 Nc6 23. Bxg6 fxg6 24. Nxe6 Rce8 25. Nf4 Nxe5 26. Nxd5 g5 27. Kg2 Nc4 28. Rxe8 Rxe8 29. b4 Rd8 30. Rd1 Kf7 31. Rd4 1/2-1/2

[Event "Oberfranken-ch U14"]
[Site "Schney"]
[Date "2015.01.05"]
[Round "5"]
[White "Mueller, David"]
[Black "Wiemann, Daniel"]
[Result "0-1"]
[WhiteElo "879"]
[BlackElo "1419"]
[PlyCount "134"]
[EventDate "2015.01.03"]
[EventType "swiss"]
[EventRounds "7"]
[EventCountry "GER"]
[SourceTitle "CBM 164 Extra"]
[Source "ChessBase"]
[SourceDate "2015.03.02"]
[SourceVersion "1"]
[SourceVersionDate "2015.03.02"]
[SourceQuality "1"]

1. d4 d5 2. Nf3 c6 3. Bf4 Nf6 4. Nc3 Bf5 5. e3 e6 6. Bd3 Bxd3 7. Qxd3 Bb4 8. a3 Bxc3+ 9. Qxc3 Ne4 10. Qd3 Nd7 11. 0-0 0-0 12. Ne5 Nxe5 13. Bxe5 f6 14. f3 fxe5 15. fxe4 Rxf1+ 16. Kxf1 Qh4 17. Kg1 exd4 18. exd4 Qxe4 19. Qxe4 dxe4 20. Re1 Kf7 21. Rxe4 Rd8 22. c3 Rd5 23. Rf4+ Rf5 24. Rh4 h6 25. g3 Kf6 26. g4 Rg5 27. b4 e5 28. dxe5+ Kxe5 29. Kf2 Kd5 30. Kf3 Kc4 31. Rh5 Rxh5 32. gxh5 Kxc3 33. Kf4 Kb3 34. Kf5 Kxa3 35. Kg6 Kxb4 36. Kxg7 a5 37. Kxh6 a4 38. Kg7 a3 39. h6 a2 40. h7 a1Q+ 41. Kg8 Qd4 42. h8Q Qxh8+ 43. Kxh8 c5 44. h4 c4 45. h5 c3 46. h6 c2 47. Kg7 c1Q 48. h7 Qh1 49. h8Q Qxh8+ 50. Kxh8 Kc4 51. Kg7 b5 52. Kf6 b4 53. Ke5 Kc3 54. Ke4 b3 55. Ke3 b2 56. Ke2 b1Q 57. Ke3 Qb4 58. Kf3 Qd4 59. Ke2 Qd3+ 60. Kf2 Kd4 61. Kg2 Qf5 62. Kg3 Ke3 63. Kg2 Qf3+ 64. Kh2 Qg4 65. Kh1 Kf3 66. Kh2 Kf2 67. Kh1 Qh3# 0-1

[Event "Oberfranken-ch U14"]
[Site "Schney"]
[Date "2015.01.05"]
[Round "6"]
[White "Wiemann, Daniel"]
[Black "Galstyan, Spartak"]
[Result "0-1"]
[WhiteElo "1419"]
[BlackElo "1697"]
[PlyCount "138"]
[EventDate "2015.01.03"]
[EventType "swiss"]
[EventRounds "7"]
[EventCountry "GER"]
[SourceTitle "CBM 164 Extra"]
[Source "ChessBase"]
[SourceDate "2015.03.02"]
[SourceVersion "1"]
[SourceVersionDate "2015.03.02"]
[SourceQuality "1"]

1. e4 c5 2. Nf3 e6 3. d4 cxd4 4. Nxd4 Nc6 5. Be3 Qc7 6. Bc4 Nf6 7. Nc3 a6 8. Bb3 Be7 9. 0-0 0-0 10. f4 d6 11. Qd2 Rd8 12. Rad1 b5 13. a3 Bb7 14. Rde1 Rac8 15. Bf2 h6 16. Kh1 Na5 17. Ba2 Nc4 18. Bxc4 Qxc4 19. Qd3 Qxd3 20. cxd3 d5 21. e5 Nd7 22. Nb3 Nb8 23. Rc1 Nc6 24. Bc5 Kh7 25. Bxe7 Nxe7 26. Na5 Ba8 27. Ne2 Nf5 28. Ng3 Ne3 29. Rfe1 d4 30. Ne4 Bxe4 31. dxe4 d3 32. Nb3 Rxc1 33. Rxc1 d2 34. Nxd2 Rxd2 35. Rg1 Rd1 36. Rxd1 Nxd1 37. b3 Nf2+ 38. Kg1 Nxe4 39. Kf1 Nd2+ 40. Ke2 Nxb3 41. Kd3 Kg6 42. Kc3 Nc5 43. Kd4 Na4 44. g3 f6 45. exf6 Kxf6 46. g4 g5 47. fxg5+ Kxg5 48. Ke5 Kxg4 49. Kxe6 h5 50. Kd5 Kh3 51. Kc6 Kxh2 52. Kb7 Kg3 53. Kxa6 Nc3 54. Ka5 h4 55. Kb4 Nb1 56. Kxb5 Nxa3+ 57. Kb4 h3 58. Kxa3 h2 59. Kb2 h1Q 60. Kc2 Qf3 61. Kd2 Kf4 62. Kc2 Qe3 63. Kb2 Qd3 64. Ka2 Qc3 65. Kb1 Qd2 66. Ka1 Ke3 67. Kb1 Kd3 68. Ka1 Kc3 69. Kb1 Qb2# 0-1

[Event "Oberfranken-ch U14"]
[Site "Schney"]
[Date "2015.01.03"]
[Round "1"]
[White "Bienfang, Johannes"]
[Black "Wiemann, Daniel"]
[Result "0-1"]
[WhiteElo "798"]
[BlackElo "1419"]
[PlyCount "46"]
[EventDate "2015.01.03"]
[EventType "swiss"]
[EventRounds "7"]
[EventCountry "GER"]
[SourceTitle "CBM 164 Extra"]
[Source "ChessBase"]
[SourceDate "2015.03.02"]
[SourceVersion "1"]
[SourceVersionDate "2015.03.02"]
[SourceQuality "1"]

1. e4 e6 2. Nc3 d5 3. d3 Bb4 4. Bd2 c5 5. a3 Ba5 6. Nf3 Nc6 7. Be2 Nge7 8. 0-0 Bd7 9. Nh4 Bxc3 10. Bxc3 d4 11. Bd2 Ng6 12. Nxg6 hxg6 13. Bf4 e5 14. Bg3 Qe7 15. Qd2 0-0-0 16. c3 f5 17. f3 f4 18. Bf2 Rh6 19. h3 Rdh8 20. cxd4 Bxh3 21. gxh3 Qg5+ 22. Bg3 Qxg3+ 23. Kh1 Rxh3# 0-1

[Event "Oberfranken-ch U14"]
[Site "Schney"]
[Date "2015.01.03"]
[Round "2"]
[White "Wiemann, Daniel"]
[Black "Schweens, Caspar"]
[Result "1-0"]
[WhiteElo "1419"]
[BlackElo "996"]
[PlyCount "121"]
[EventDate "2015.01.03"]
[EventType "swiss"]
[EventRounds "7"]
[EventCountry "GER"]
[SourceTitle "CBM 164 Extra"]
[Source "ChessBase"]
[SourceDate "2015.03.02"]
[SourceVersion "1"]
[SourceVersionDate "2015.03.02"]
[SourceQuality "1"]

1. e4 e5 2. Nf3 Nc6 3. d4 exd4 4. Nxd4 Nf6 5. Nc3 Bb4 6. Nxc6 bxc6 7. Bd3 d5 8. exd5 Nxd5 9. Bd2 Nxc3 10. Bxc3 Bxc3+ 11. bxc3 0-0 12. 0-0 Qd5 13. c4 Qg5 14. Qf3 Rb8 15. h3 Bb7 16. Qe4 g6 17. Rab1 Rfe8 18. Qf3 Ba8 19. Be4 Rxb1 20. Rxb1 Qc5 21. Qd3 Qe5 22. Bf3 c5 23. Bxa8 Rxa8 24. Qd5 Qxd5 25. cxd5 Rd8 26. c4 Rd6 27. Rb5 c6 28. Rxc5 cxd5 29. cxd5 Kg7 30. Ra5 Rd7 31. Ra6 Rxd5 32. Rxa7 Rd1+ 33. Kh2 Rd2 34. f3 Kf6 35. a4 Ra2 36. a5 Ke6 37. a6 h5 38. Ra8 Kf5 39. a7 Kg5 40. Rc8 Rxa7 41. Rc4 Ra2 42. h4+ Kh6 43. Kh3 Ra3 44. Kh2 Ra2 45. Rc3 Ra4 46. Kh3 f6 47. g4 g5 48. hxg5+ fxg5 49. Rc6+ Kg7 50. gxh5 Rh4+ 51. Kg3 Rxh5 52. Kg4 Rh6 53. Rc5 Rf6 54. Rxg5+ Kf7 55. Rf5 Ke7 56. Rxf6 Kxf6 57. Kf4 Ke6 58. Kg5 Kf7 59. Kf5 Ke7 60. Kg6 Ke6 61. f4 1-0

[Event "Karl Mala Memorial op-B 17th"]
[Site "Frankfurt"]
[Date "2014.08.01"]
[Round "2"]
[White "Firinci, Erdem"]
[Black "Wiemann, Daniel"]
[Result "1/2-1/2"]
[WhiteElo "1385"]
[BlackElo "1393"]
[PlyCount "91"]
[EventDate "2014.07.31"]
[EventType "swiss"]
[EventRounds "7"]
[EventCountry "GER"]
[SourceTitle "EXT 2015"]
[Source "ChessBase"]
[SourceDate "2014.11.20"]
[SourceVersion "1"]
[SourceVersionDate "2014.11.20"]
[SourceQuality "1"]

1. e4 e6 2. d4 d5 3. e5 c5 4. c3 Nc6 5. Nf3 Qb6 6. Qb3 Qxb3 7. axb3 cxd4 8. cxd4 Nge7 9. Bb5 Bd7 10. 0-0 a6 11. Bd3 Nb4 12. Rd1 Nxd3 13. Rxd3 Bb5 14. Rc3 Rc8 15. Rxc8+ Nxc8 16. Nc3 Bc6 17. h3 Be7 18. Be3 0-0 19. Na4 f6 20. Nc5 Bxc5 21. dxc5 h6 22. Bd4 f5 23. b4 g5 24. Nh2 Kh7 25. f3 h5 26. Kf2 Rg8 27. g4 fxg4 28. hxg4 h4 29. Ke3 Ne7 30. Rf1 Bb5 31. Rf2 Ng6 32. Nf1 Nf4 33. Nh2 Kg6 34. Bc3 Rf8 35. Rd2 Rf7 36. Bd4 Rh7 37. Bc3 Kh6 38. Bd4 Kg7 39. Bc3 Kg6 40. Bd4 h3 41. Bc3 Ng2+ 42. Kf2 Nf4 43. Ke3 Ng2+ 44. Kf2 Nf4 45. Ke3 Ng2+ 46. Kf2 1/2-1/2

[Event "Magdeburg op-B"]
[Site "Magdeburg"]
[Date "2014.06.14"]
[Round "9"]
[White "Wiemann, Daniel"]
[Black "Troemer, Felix"]
[Result "1/2-1/2"]
[WhiteElo "1262"]
[BlackElo "1438"]
[PlyCount "86"]
[EventDate "2014.06.08"]
[EventType "swiss"]
[EventRounds "9"]
[EventCountry "GER"]
[SourceTitle "CBM 160 Extra"]
[Source "ChessBase"]
[SourceDate "2014.07.01"]
[SourceVersion "1"]
[SourceVersionDate "2014.07.01"]
[SourceQuality "1"]

1. e4 d5 2. exd5 Qxd5 3. Nc3 Qa5 4. d4 c6 5. Bc4 Bf5 6. Bd2 Qc7 7. Qf3 e6 8. 0-0-0 Nd7 9. Re1 0-0-0 10. Nge2 Ngf6 11. h3 Nb6 12. Bb3 h6 13. g4 Bg6 14. Bf4 Bd6 15. Bxd6 Qxd6 16. Qf4 Qd7 17. Rd1 Nbd5 18. Bxd5 Nxd5 19. Nxd5 Qxd5 20. Nc3 Qa5 21. Qe5 Qxe5 22. dxe5 Rxd1+ 23. Rxd1 Rd8 24. Rxd8+ Kxd8 25. h4 h5 26. g5 Bf5 27. f4 Ke7 28. Kd2 f6 29. gxf6+ gxf6 30. exf6+ Kxf6 31. Ne2 Bg4 32. Ke3 e5 33. fxe5+ Kxe5 34. Ng3 b6 35. c3 a6 36. c4 b5 37. cxb5 cxb5 38. b4 Bd1 39. a3 Bg4 40. Ne4 Bf5 41. Nc5 Bc8 42. Ne4 Bf5 43. Nc5 Bc8 1/2-1/2

[Event "Magdeburg op-B"]
[Site "Magdeburg"]
[Date "2014.06.10"]
[Round "5"]
[White "Wiemann, Daniel"]
[Black "Rose, Luis Stratos"]
[Result "1-0"]
[WhiteElo "1262"]
[BlackElo "1392"]
[PlyCount "53"]
[EventDate "2014.06.08"]
[EventType "swiss"]
[EventRounds "9"]
[EventCountry "GER"]
[SourceTitle "CBM 160 Extra"]
[Source "ChessBase"]
[SourceDate "2014.07.01"]
[SourceVersion "1"]
[SourceVersionDate "2014.07.01"]
[SourceQuality "1"]

1. e4 g6 2. d4 Bg7 3. Nc3 d6 4. Be3 Nf6 5. f3 0-0 6. Qd2 Nbd7 7. 0-0-0 Qe8 8. h4 c6 9. h5 b5 10. Kb1 a5 11. g4 Nb8 12. Nce2 Nfd7 13. Bh6 f6 14. Bxg7 Kxg7 15. f4 e5 16. Ng3 Nb6 17. Be2 Nc4 18. Qc1 a4 19. hxg6 Qxg6 20. f5 Qg5 21. Qxg5+ fxg5 22. Nh5+ Kg8 23. Nf3 h6 24. Bxc4+ bxc4 25. dxe5 dxe5 26. Nxe5 Ra5 27. Ng6 1-0

[Event "GER-chT U12"]
[Site "Schney"]
[Date "2013.12.28"]
[Round "3.1"]
[White "Koelz, Niklas"]
[Black "Wiemann, Daniel"]
[Result "1-0"]
[WhiteElo "1640"]
[BlackElo "1261"]
[PlyCount "57"]
[EventDate "2013.12.27"]
[EventType "team-swiss"]
[EventRounds "7"]
[EventCountry "GER"]
[SourceTitle "EXT 2015"]
[Source "ChessBase"]
[SourceDate "2014.11.20"]
[SourceVersion "1"]
[SourceVersionDate "2014.11.20"]
[SourceQuality "1"]
[WhiteTeam "Halver Schalksmuehle"]
[BlackTeam "Seubelsdorf"]
[WhiteTeamCountry "GER"]
[BlackTeamCountry "GER"]

1. e4 e6 2. d4 d5 3. Nc3 Bb4 4. e5 Nd7 5. a3 Bxc3+ 6. bxc3 c5 7. Qg4 Ne7 8. Qxg7 Rg8 9. Qxh7 Qc7 10. Qd3 Nf5 11. Nf3 a6 12. h4 Qb6 13. h5 Qa5 14. h6 f6 15. g4 Ne7 16. h7 Rh8 17. Rh6 cxd4 18. exf6 Nc6 19. Rg6 Nf8 20. Rg8 Rxg8 21. hxg8Q Qxc3+ 22. Qxc3 dxc3 23. f7+ Ke7 24. Bg5+ Kd7 25. Qxf8 Kc7 26. Bf4+ Kb6 27. Rb1+ Ka7 28. Qc5+ b6 29. Qxb6# 1-0

[Event "GER-chT U12"]
[Site "Schney"]
[Date "2013.12.27"]
[Round "1.1"]
[White "Weimert, Miriam"]
[Black "Wiemann, Daniel"]
[Result "1/2-1/2"]
[WhiteElo "1390"]
[BlackElo "1261"]
[PlyCount "101"]
[EventDate "2013.12.27"]
[EventType "team-swiss"]
[EventRounds "7"]
[EventCountry "GER"]
[SourceTitle "EXT 2015"]
[Source "ChessBase"]
[SourceDate "2014.11.20"]
[SourceVersion "1"]
[SourceVersionDate "2014.11.20"]
[SourceQuality "1"]
[WhiteTeam "Leipzig Turm"]
[BlackTeam "Seubelsdorf"]
[WhiteTeamCountry "GER"]
[BlackTeamCountry "GER"]

1. e4 e5 2. d4 exd4 3. Nf3 c5 4. Bc4 Be7 5. c3 dxc3 6. Nxc3 Nf6 7. 0-0 0-0 8. e5 Ne8 9. Qc2 d6 10. Rd1 Bd7 11. Ne4 Bf5 12. Nf6+ Bxf6 13. Qxf5 Be7 14. Bg5 g6 15. Qg4 Bxg5 16. Nxg5 Qe7 17. Re1 dxe5 18. f4 Qd7 19. Qh4 h5 20. Rad1 Qf5 21. Rxe5 Qf6 22. Rde1 Nd6 23. Bd5 Nc6 24. Bxc6 bxc6 25. Kh1 Nc4 26. Rxc5 Nxb2 27. Rf1 Rad8 28. Qg3 Rd1 29. Rxd1 Nxd1 30. Rc1 Qd4 31. h3 c5 32. Nf3 Nf2+ 33. Kh2 Qb2 34. Rf1 Ne4 35. Qe1 Nf6 36. Rf2 Qb8 37. Ng5 Re8 38. Qc1 Qc7 39. Qc4 Re7 40. Rf1 Qd6 41. Rb1 Qd4 42. Qf1 Ne4 43. Nxe4 Rxe4 44. Rb8+ Kg7 45. Qf3 c4 46. Rb4 Rxf4 47. Qg3 Rf5 48. Qe1 Re5 49. Rxc4 Qxc4 50. Qxe5+ Kh7 51. Qb2 1/2-1/2

[Event "NED-ch U12 op"]
[Site "Borne"]
[Date "2013.08.09"]
[Round "9"]
[White "Wiemann, Daniel"]
[Black "Honkoop, Mark"]
[Result "0-1"]
[WhiteElo "1348"]
[BlackElo "1061"]
[PlyCount "124"]
[EventDate "2013.08.05"]
[EventType "swiss"]
[EventRounds "13"]
[EventCountry "NED"]
[SourceTitle "EXT 2015"]
[Source "ChessBase"]
[SourceDate "2014.11.20"]
[SourceVersion "1"]
[SourceVersionDate "2014.11.20"]
[SourceQuality "1"]

1. e4 e5 2. Nf3 Nc6 3. d4 exd4 4. Nxd4 Bc5 5. Be3 Qf6 6. c3 d6 7. Bc4 Ne5 8. Bb3 Qg6 9. Rg1 Qxe4 10. Nd2 Qh4 11. N4f3 Nxf3+ 12. Nxf3 Qe7 13. Qd2 Bxe3 14. Qxe3 Qxe3+ 15. fxe3 h6 16. 0-0-0 Nf6 17. Kb1 Bf5+ 18. Ka1 Rf8 19. Nd4 Bd7 20. Rge1 0-0-0 21. e4 Rde8 22. Bc2 g6 23. Nf3 Bc6 24. Nd2 Re7 25. Re2 Rfe8 26. Rde1 Nd7 27. a3 f5 28. b4 fxe4 29. Nxe4 d5 30. Ng3 Rxe2 31. Rxe2 Rxe2 32. Nxe2 g5 33. Nd4 Ne5 34. Bf5+ Bd7 35. Bxd7+ Kxd7 36. Nf5 Nf7 37. Kb2 h5 38. Kb3 h4 39. c4 dxc4+ 40. Kxc4 c6 41. b5 cxb5+ 42. Kxb5 Nd6+ 43. Nxd6 Kxd6 44. a4 Kd5 45. a5 Kd6 46. Kc4 Kc6 47. Kb4 b6 48. a6 b5 49. Kc3 Kb6 50. Kb4 Kxa6 51. Kc3 Ka5 52. Kb3 b4 53. Kb2 Ka4 54. Ka2 b3+ 55. Kb2 Kb4 56. Ka1 Kc3 57. Kb1 b2 58. h3 a6 59. Ka2 Kc2 60. Ka3 b1Q 61. Ka4 Kc3 62. Ka5 Qb5# 0-1